00805nam a2200229 a 450000100060000000300080000600500170001400800410003103500200007204000350009204100080012708200220013510000200015724500950017725000120027226000610028430000250034549000650037050400360043565000140047183000900048548941BD-RjUL20211209054618.0160817r19551949enk 000 0 eng d a(BD-RjUL) 49060 aBD-RjULbengcBD-RjULdBD-RjUL aeng 223a370bHAC 1955 aHans, Nicholas 10aComparative education :ba study of educational factors and traditions /cby Nicholas Hans a2nd ed. aLondon :bRoutledge & Kegan Paul,c1950 [Reprinted 1955] avii, 333 p. ;c22 cm1 aInternational library of sociology and social reconstruction aIncludes bibliography and index 0aEducation 0aInternational library of sociology and social reconstruction (Routledge & Kegan Paul)